000 00558nam a2200205Ia 4500
005 20250923145829.0
008 008 250917s9999 xx 000 0 eng d
037 _aTextual
040 _aDSWL
_beng
_cDSWL
041 _aeng
_2eng
084 _aX8:2.2:g, N91
_qDSWL
100 _aNayar, B.R.
_9839374
245 0 _aIndia's mixed economy
_c by B.R. Nayar
260 _aBombay
_b Popular Prakashan
_c1989
300 _aix,421p.
365 _aINR
_b350.00
925 _g350.00
942 _cTEXL
_hX8:2.2:g, N91
999 _c1456222
_d1456222